AK’s General Knowledge A-Z #58 - Statistics

General Stats
  • This quiz has been taken 372 times
  • The average score is 17 of 26
Answer Stats
Hint Answer % Correct
B – what employees are supposed to be doing in team-building activities, or James with a licence to kill Bond
96%
K – having a friendly, warm-hearted nature, or child in German Kind
92%
A – fictional island that sank Atlantis
91%
J – has a mass of 318 Earths Jupiter
90%
H – not coldness, but Miami’s basketball team Heat
88%
M – ______ 5, band with hits “Moves like Jagger” and “Animals” Maroon
88%
E – songwriting competition in Europe held annually (apart from 2020) since 1956 Eurovision
86%
T – swimming, cycling, and running all in the same race Triathlon
86%
L – the first Soviet republic to declare that it was an independent nation in 1990 Lithuania
82%
W – Murder, She _____, TV series starring Angela Lansbury as a mystery novelist Wrote
81%
U – animated feature by Disney/Pixar where a widower flies with his house; the French title is Là-haut Up
78%
O – nerve that transmits visual information from the retina to the brain Optic nerve
75%
R – strategy board game of world conquest with 42 territories Risk
73%
S – an amphetamine, or 1994 movie with Keanu Reeves and Sandra Bullock Speed
69%
C – modern form of customer service that is often handled by bots (change the last letter and you got an African country) Chat
66%
P – American corporation that owned submarines, a cruiser and a destroyer, only because Soviet Union paid for soft drinks with military equipment PepsiCo
64%
G – “I’d catch a _______ for ya; Throw my hand on a blade for ya; I'd jump in front of a train for ya; You know I'd do anything for ya” Grenade
63%
I – Edith Wharton’s The Age of _________, winner of the 1921 Pulitzer Prize for Fiction Innocence
48%
D – Mark Haddon’s The Curious Incident of the ___ in the Night-Time, or Suede album ___ Man Star Dog
43%
F – eating “utensils” used to eat pasta before tomato sauce was introduced in the 1790s Fingers
42%
N – national capital that is 800 km (500 mi) north of Kingston Nassau
42%
X – Louis ___ who, in 1830, was the King of France for about 20 minutes, until he stood up to his wife and abdicated XIX
40%
V – capital of Seychelles Victoria
38%
Q – mycoprotein-based meat substitute, or a fox hunt, both named after an English village Quorn
33%
Y – the largest city of Myanmar Yangon
29%
Z – porous mineral used in water softeners Zeolite
3%
No matching quizzes found
Score Distribution
Percent of People with Each Score
Percentile by Number Answered
Your Score History
You have not taken this quiz